[Event "DM 2022 Kort Paaske 1 Grp2"]
[Site "Svendborg"]
[Date "2022.04.09"]
[Round "1"]
[White "Haubro, Siv"]
[Black "Skov Nielsen, Kasper"]
[Result "1-0"]
[WhiteElo "1749"]
[BlackElo "1545"]
[PlyCount "45"]
[EventDate "2022.04.09"]
[EventType "swiss"]
[EventRounds "5"]
[EventCountry "DEN"]

1. e4 e6 2. d4 d5 3. exd5 exd5 4. Nf3 Nf6 5. Bg5 Bf5 6. Bd3 Bxd3 7. Qxd3 Nbd7
8. O-O Be7 9. Nbd2 h6 10. Bh4 O-O 11. Rae1 c5 12. c3 Re8 13. Re2 cxd4 14. cxd4
Qb6 15. Rfe1 Bd6 16. Ne5 Qc7 17. Qf5 g6 18. Nxg6 Rxe2 19. Rxe2 Qc1+ 20. Nf1 Kg7
21. Ne5 Qc7 22. Re3 Ne4 23. Nxd7 1-0

[Event "DM 2022 Kort Paaske 1 Grp2"]
[Site "Svendborg"]
[Date "2022.04.09"]
[Round "1"]
[White "Bruntse, Caroline Lindegaard"]
[Black "Nielsen, Ture Jungberg"]
[Result "0-1"]
[WhiteElo "1471"]
[BlackElo "1649"]
[PlyCount "48"]
[EventDate "2022.04.09"]
[EventType "swiss"]
[EventRounds "5"]
[EventCountry "DEN"]

1. d4 Nf6 2. c4 g6 3. Nc3 Bg7 4. e4 d6 5. Nf3 O-O 6. h3 e5 7. d5 Nbd7 8. Be3
Nc5 9. Qc2 a5 10. Be2 Nh5 11. g3 f5 12. Bxc5 dxc5 13. Qd2 Nf6 14. exf5 Bxf5 15.
g4 Ne4 16. Nxe4 Bxe4 17. Qe3 Bxf3 18. Bxf3 e4 19. Be2 Bxb2 20. Rb1 Bd4 21. Qxe4
Qh4 22. Rh2 Rae8 23. Qd3 Re3 24. Qc2 Rfe8 0-1

[Event "DM 2022 Kort Paaske 1 Grp2"]
[Site "Svendborg"]
[Date "2022.04.09"]
[Round "1"]
[White "Ambirk, Jan"]
[Black "Paludan, Noah"]
[Result "1-0"]
[WhiteElo "1712"]
[BlackElo "1472"]
[PlyCount "147"]
[EventDate "2022.04.09"]
[EventType "swiss"]
[EventRounds "5"]
[EventCountry "DEN"]

1. e4 c5 2. Nc3 Nc6 3. g3 Nf6 4. Bg2 e6 5. d3 d5 6. Bg5 Be7 7. exd5 Nxd5 8.
Bxe7 Qxe7 9. Nge2 Qd8 10. O-O O-O 11. Ne4 b6 12. c4 Nde7 13. Nf4 Bb7 14. Qh5 e5
15. Ng5 h6 16. Nfe6 fxe6 17. Nxe6 Qd7 18. Nxf8 Rxf8 19. Bh3 Qd6 20. Rae1 Nd4
21. Bg2 Bxg2 22. Kxg2 Qc6+ 23. f3 Rf5 24. Qg4 h5 25. Qe4 Qf6 26. f4 Ng6 27.
Qa8+ Kh7 28. fxe5 Nxe5 29. Qe4 Ng4 30. h3 Ne5 31. Rxf5 Qxf5 32. Qxf5+ Nxf5 33.
Rxe5 Kg6 34. Re8 Nd4 35. Re7 a6 36. a4 b5 37. cxb5 axb5 38. a5 Kf6 39. Rc7 Ne6
40. Rc6 Ke7 41. Rxe6+ Kxe6 42. a6 c4 43. dxc4 bxc4 44. a7 c3 45. a8=Q cxb2 46.
Qc6+ Ke5 47. Qb5+ Ke4 48. Qxb2 g5 49. Qb4+ Ke3 50. Qc5+ Ke4 51. Qxg5 h4 52.
Qg4+ Ke3 53. gxh4 Kd3 54. h5 Ke3 55. h6 Kd3 56. Qe4+ Kxe4 57. h7 Kf4 58. h8=Q
Ke4 59. Qf6 Ke3 60. h4 Ke4 61. Kf2 Kd5 62. Ke3 Kc5 63. Qd8 Kc6 64. Kd4 Kb5 65.
Qc8 Kb6 66. Kc4 Ka5 67. Qb7 Ka4 68. h5 Ka3 69. h6 Ka2 70. h7 Ka1 71. h8=Q+ Ka2
72. Qh2+ Ka3 73. Qhb2+ Ka4 74. Q7b5# 1-0

[Event "DM 2022 Kort Paaske 1 Grp2"]
[Site "Svendborg"]
[Date "2022.04.09"]
[Round "1"]
[White "Larsen, Rune"]
[Black "Dreyer Stapput, Jakob"]
[Result "0-1"]
[WhiteElo "1200"]
[BlackElo "1597"]
[PlyCount "88"]
[EventDate "2022.04.09"]
[EventType "swiss"]
[EventRounds "5"]
[EventCountry "DEN"]

1. d4 d5 2. Bf4 Nf6 3. e3 e6 4. c3 Bd6 5. Bxd6 Qxd6 6. Nd2 O-O 7. f4 c5 8. Bd3
cxd4 9. cxd4 b6 10. Ngf3 Ba6 11. Bxa6 Nxa6 12. a3 Rfc8 13. O-O Rc7 14. Rc1 Rac8
15. Rxc7 Qxc7 16. Qb1 Qc2 17. Qxc2 Rxc2 18. b3 Nc7 19. h3 Nb5 20. a4 Nd6 21.
Rd1 Nfe4 22. Kf1 Nf5 23. Ke2 Nfg3+ 24. Ke1 Rc3 25. Nxe4 Nxe4 26. Ke2 Rxb3 27.
Rc1 Rc3 28. Kd1 f6 29. Rxc3 Nxc3+ 30. Kc2 Ne4 31. Nd2 Nxd2 32. Kxd2 Kf7 33. Kc3
Ke7 34. Kb4 a6 35. a5 b5 36. Kc5 Kd7 37. g3 h5 38. g4 g6 39. gxh5 gxh5 40. h4
Kc7 41. f5 Kd7 42. fxe6+ Kxe6 43. e4 dxe4 44. d5+ Kd7 0-1

[Event "DM 2022 Kort Paaske 1 Grp2"]
[Site "Svendborg"]
[Date "2022.04.09"]
[Round "1"]
[White "Bruntse, Kathrine Lindegaard"]
[Black "Lillevang, Sol Titus Tietgen"]
[Result "1-0"]
[WhiteElo "1569"]
[BlackElo "1200"]
[PlyCount "95"]
[EventDate "2022.04.09"]
[EventType "swiss"]
[EventRounds "5"]
[EventCountry "DEN"]

1. d4 d5 2. c4 Nf6 3. Nc3 c6 4. Nf3 Bf5 5. e3 e6 6. b3 Bb4 7. Bd2 Qa5 8. Ne2
Ne4 9. a3 Bxd2+ 10. Nxd2 O-O 11. b4 Qd8 12. Nxe4 Bxe4 13. Nc3 f5 14. f3 Qf6 15.
fxe4 fxe4 16. Qd2 Nd7 17. Ra2 Qh4+ 18. g3 Qf6 19. Bg2 Qh6 20. Kd1 Rf7 21. Qe1
Nb6 22. Kc1 Nxc4 23. Nd1 Raf8 24. Bf1 b5 25. Bxc4 dxc4 26. Rf2 Qg6 27. Rhf1 h5
28. Rxf7 Rxf7 29. Rxf7 Qxf7 30. Qf2 g5 31. Qxf7+ Kxf7 32. Nf2 Kf6 33. Nxe4+ Kf5
34. Nf2 g4 35. Kd2 e5 36. Kc3 e4 37. Nd1 Kg5 38. Nb2 h4 39. Nd1 h3 40. Kd2 Kf5
41. Nc3 a6 42. d5 cxd5 43. Nxd5 Ke5 44. Nc7 Kd6 45. Nxa6 Kc6 46. Kc3 Kd5 47.
Nc5 Ke5 48. a4 1-0

[Event "DM 2022 Kort Paaske 1 Grp2"]
[Site "Svendborg"]
[Date "2022.04.09"]
[Round "1"]
[White "Hagen, Frida Bjerregaard"]
[Black "Nielsen, Mads Emanuel"]
[Result "0-1"]
[WhiteElo "1293"]
[BlackElo "1610"]
[PlyCount "80"]
[EventDate "2022.04.09"]
[EventType "swiss"]
[EventRounds "5"]
[EventCountry "DEN"]

1. e4 e5 2. Nf3 Nc6 3. d4 exd4 4. Bc4 Be7 5. Nxd4 d6 6. O-O Nf6 7. Nc3 O-O 8.
f3 Nxd4 9. Qxd4 Be6 10. Bb3 c5 11. Qd3 Qc7 12. Bxe6 fxe6 13. Be3 a6 14. Rad1
Rad8 15. b3 b5 16. a3 d5 17. Qe2 d4 18. Bxd4 cxd4 19. Nb1 e5 20. Qd3 Rc8 21.
Rd2 Nd7 22. a4 Nc5 23. Qe2 bxa4 24. bxa4 Nxa4 25. Qxa6 Nc5 26. Qa2+ Kh8 27. c3
Ra8 28. Qc2 d3 29. Qc1 Nb3 30. Qd1 Nxd2 31. Qxd2 Rfd8 32. Rd1 h6 33. Qe3 Bc5
34. Qxc5 Qxc5+ 35. Kh1 Ra1 36. Rf1 Qf2 37. Rg1 Rb8 38. h3 Raxb1 39. Kh2 Rxg1
40. f4 Qxg2# 0-1

[Event "DM 2022 Kort Paaske 1 Grp2"]
[Site "Svendborg"]
[Date "2022.04.09"]
[Round "1"]
[White "Hojland, Jeppe"]
[Black "Christensen, Jonas"]
[Result "1-0"]
[WhiteElo "1612"]
[BlackElo "1314"]
[PlyCount "101"]
[EventDate "2022.04.09"]
[EventType "swiss"]
[EventRounds "5"]
[EventCountry "DEN"]

1. c4 c5 2. Nc3 Nc6 3. g3 g6 4. Bg2 Nf6 5. e4 Ne5 6. d3 d6 7. h3 Bg7 8. Nge2
Bd7 9. O-O O-O 10. Be3 Qc8 11. f4 Nc6 12. Kh2 Bg4 13. Qd2 Bxe2 14. Nxe2 e5 15.
f5 Qc7 16. g4 Qa5 17. Qxa5 Nxa5 18. g5 Nh5 19. f6 Bh8 20. Nc3 h6 21. h4 Nf4 22.
Bxf4 exf4 23. Rxf4 hxg5 24. hxg5 Rfe8 25. Kg3 Re5 26. Rg4 Nc6 27. Rh1 Nb4 28.
Bf1 a6 29. Kf4 Bxf6 30. gxf6 g5+ 31. Rxg5+ Rxg5 32. Kxg5 Rb8 33. Nd5 Nxd5 34.
cxd5 b5 35. b3 a5 36. Be2 a4 37. Rb1 axb3 38. Rxb3 b4 39. Kf5 Ra8 40. Rb2 Kf8
41. Bg4 Ke8 42. Kf4 Ra3 43. Rd2 Kd8 44. e5 Kc7 45. e6 fxe6 46. dxe6 b3 47. axb3
Rxb3 48. e7 Rb4+ 49. Kg5 Rb8 50. f7 c4 51. dxc4 1-0

[Event "DM 2022 Kort Paaske 1 Grp2"]
[Site "Svendborg"]
[Date "2022.04.09"]
[Round "1"]
[White "Andersen, Malte Gravlund"]
[Black "Nielsen, Jan"]
[Result "1-0"]
[WhiteElo "1350"]
[BlackElo "1568"]
[PlyCount "59"]
[EventDate "2022.04.09"]
[EventType "swiss"]
[EventRounds "5"]
[EventCountry "DEN"]

1. e4 c5 2. Nf3 Nc6 3. d4 cxd4 4. Nxd4 e5 5. Nxc6 bxc6 6. Bc4 Nf6 7. Nc3 Be7 8.
O-O O-O 9. Bg5 h6 10. Be3 d6 11. h3 Bb7 12. f4 Qc7 13. Qf3 a5 14. fxe5 dxe5 15.
Qg3 Kh7 16. a4 Ba6 17. Bxa6 Rxa6 18. Rad1 Raa8 19. Rd2 Bb4 20. Rdf2 Qe7 21. Qh4
Bc5 22. Bxc5 Qxc5 23. Kh1 g5 24. Qg3 Nh5 25. Qg4 Nf4 26. g3 Ng6 27. Rxf7+ Rxf7
28. Rxf7+ Kh8 29. Qe6 Rg8 30. Qf6+ 1-0

[Event "DM 2022 Kort Paaske 1 Grp2"]
[Site "Svendborg"]
[Date "2022.04.09"]
[Round "1"]
[White "Knudsen, Tage"]
[Black "Hansen, Patrick Noumedem"]
[Result "0-1"]
[WhiteElo "1561"]
[BlackElo "1126"]
[PlyCount "108"]
[EventDate "2022.04.09"]
[EventType "swiss"]
[EventRounds "5"]
[EventCountry "DEN"]

1. d4 c6 2. c4 d5 3. e3 Nf6 4. Nc3 g6 5. Nf3 Bg7 6. cxd5 cxd5 7. Bb5+ Bd7 8.
Qb3 Bxb5 9. Qxb5+ Qd7 10. Ne5 Qxb5 11. Nxb5 Na6 12. O-O O-O 13. f3 Nb4 14. Bd2
Nc6 15. Nd3 a6 16. Nc3 Bh6 17. a3 Nxd4 18. f4 Nc6 19. Rac1 Na5 20. Nxd5 Nxd5
21. Bxa5 Nxe3 22. Rf3 Nd5 23. g3 f6 24. Rc5 e6 25. Bd2 Rad8 26. Nb4 Nb6 27. Bc3
Na4 28. Rc7 Nxc3 29. bxc3 Rf7 30. Rxf7 Kxf7 31. Rd3 Rxd3 32. Nxd3 Bf8 33. a4
Ke8 34. c4 b6 35. Kg2 Kd7 36. Kf3 Kd6 37. Ke4 f5+ 38. Kf3 Bg7 39. g4 e5 40.
gxf5 gxf5 41. fxe5+ Bxe5 42. h3 h5 43. Kg2 h4 44. Kf3 Bg3 45. Kg2 Ke6 46. Kf3
Kf6 47. Nb4 Ke5 48. Nc6+ Kd6 49. Nd4 f4 50. Nb3 Ke5 51. a5 bxa5 52. Nxa5 Kd4
53. Ke2 Bh2 54. Kf1 Kc5 0-1

[Event "DM 2022 Kort Paaske 1 Grp2"]
[Site "Svendborg"]
[Date "2022.04.10"]
[Round "2"]
[White "Nielsen, Mads Emanuel"]
[Black "Haubro, Siv"]
[Result "1-0"]
[WhiteElo "1610"]
[BlackElo "1749"]
[PlyCount "67"]
[EventDate "2022.04.09"]
[EventType "swiss"]
[EventRounds "5"]
[EventCountry "DEN"]

1. d4 f5 2. Nf3 Nf6 3. c4 e6 4. Bg5 Be7 5. Nc3 O-O 6. e3 d6 7. Be2 Nbd7 8. O-O
h6 9. Bxf6 Nxf6 10. Qc2 d5 11. cxd5 exd5 12. Ne5 c6 13. f4 Bd6 14. Bd3 Ne4 15.
Bxe4 fxe4 16. Ne2 Bxe5 17. fxe5 Rxf1+ 18. Rxf1 Qe7 19. Nf4 Bf5 20. Nxd5 cxd5
21. Rxf5 Qd7 22. Rf1 Rc8 23. Qb3 b6 24. h3 Rf8 25. Rxf8+ Kxf8 26. Qb4+ Kf7 27.
a4 Qc6 28. Qb5 Qc1+ 29. Qf1+ Qxf1+ 30. Kxf1 a5 31. Ke2 g5 32. Kf2 h5 33. Kg3
Ke6 34. h4 1-0

[Event "DM 2022 Kort Paaske 1 Grp2"]
[Site "Svendborg"]
[Date "2022.04.10"]
[Round "2"]
[White "Nielsen, Ture Jungberg"]
[Black "Hojland, Jeppe"]
[Result "1-0"]
[WhiteElo "1649"]
[BlackElo "1612"]
[PlyCount "65"]
[EventDate "2022.04.09"]
[EventType "swiss"]
[EventRounds "5"]
[EventCountry "DEN"]

1. d4 Nf6 2. c4 e6 3. Nc3 Bb4 4. f3 d5 5. Bg5 O-O 6. Nh3 c5 7. a3 Bxc3+ 8. bxc3
Nbd7 9. e4 dxe4 10. fxe4 Qa5 11. e5 Ne4 12. Qd3 cxd4 13. Qxe4 Qxc3+ 14. Kf2 Nc5
15. Qe1 Qc2+ 16. Kg1 b6 17. Be7 Re8 18. Bxc5 bxc5 19. Nf4 Qf5 20. g3 Rb8 21.
Bd3 Qg5 22. Qe4 g6 23. Rb1 Rxb1+ 24. Bxb1 Ba6 25. Qc6 Rb8 26. Bd3 Qxe5 27. Qxa6
Qe3+ 28. Kg2 Rb2+ 29. Kh3 Kg7 30. Qxa7 Qe5 31. Rb1 Rxb1 32. Bxb1 Qg5 33. Nxe6+
1-0

[Event "DM 2022 Kort Paaske 1 Grp2"]
[Site "Svendborg"]
[Date "2022.04.10"]
[Round "2"]
[White "Hansen, Patrick Noumedem"]
[Black "Ambirk, Jan"]
[Result "0-1"]
[WhiteElo "1126"]
[BlackElo "1712"]
[PlyCount "76"]
[EventDate "2022.04.09"]
[EventType "swiss"]
[EventRounds "5"]
[EventCountry "DEN"]

1. d4 Nf6 2. c4 e5 3. dxe5 Ng4 4. Nf3 Bc5 5. e3 Nc6 6. b3 O-O 7. Bb2 Re8 8. Bd3
Ngxe5 9. Nxe5 Nxe5 10. Bxh7+ Kxh7 11. Qh5+ Kg8 12. Bxe5 Qe7 13. Bc3 a5 14. O-O
Ra6 15. Nd2 Rh6 16. Qg4 Rg6 17. Qh5 d6 18. Kh1 Bg4 19. Qd5 c6 20. Qe4 Qxe4 21.
Nxe4 Rxe4 22. f3 Rxe3 23. fxg4 Rxc3 24. Rae1 Rc2 25. Re8+ Kh7 26. h3 Re6 27.
Rf8 Ree2 28. Rf5 Rxg2 29. Rxc5 Rh2+ 30. Kg1 dxc5 31. Rxf7 Rcg2+ 32. Kf1 Rxa2
33. Kg1 Rhb2 34. Rf3 Ra1+ 35. Rf1 Rxf1+ 36. Kxf1 Rxb3 37. Kg1 Rb2 38. Kf1 a4
0-1

[Event "DM 2022 Kort Paaske 1 Grp2"]
[Site "Svendborg"]
[Date "2022.04.10"]
[Round "2"]
[White "Dreyer Stapput, Jakob"]
[Black "Andersen, Malte Gravlund"]
[Result "1-0"]
[WhiteElo "1597"]
[BlackElo "1350"]
[PlyCount "67"]
[EventDate "2022.04.09"]
[EventType "swiss"]
[EventRounds "5"]
[EventCountry "DEN"]

1. d4 Nf6 2. Nc3 e6 3. e4 Bb4 4. e5 Nd5 5. Qg4 Rg8 6. Bd2 Nxc3 7. bxc3 Be7 8.
Bd3 g6 9. Nf3 Nc6 10. h4 h5 11. Qf4 d6 12. Qh6 Bf8 13. Qh7 Ne7 14. Bg5 Rg7 15.
Qh8 Qd7 16. Bh6 Rg8 17. Qh7 Bxh6 18. Qxh6 b5 19. Rb1 a6 20. Be4 Nd5 21. Bxd5
exd5 22. O-O dxe5 23. Nxe5 Qf5 24. Rfe1 Be6 25. Qd2 O-O-O 26. a4 f6 27. Nc6
Rde8 28. axb5 Kb7 29. Na5+ Kb6 30. bxa6+ Kxa5 31. c4+ Kxa6 32. Qb4 dxc4 33.
Ra1+ Qa5 34. Rxa5# 1-0

[Event "DM 2022 Kort Paaske 1 Grp2"]
[Site "Svendborg"]
[Date "2022.04.10"]
[Round "2"]
[White "Christensen, Thorbjorn Erik K"]
[Black "Bruntse, Kathrine Lindegaard"]
[Result "0-1"]
[WhiteElo "1000"]
[BlackElo "1569"]
[PlyCount "62"]
[EventDate "2022.04.09"]
[EventType "swiss"]
[EventRounds "5"]
[EventCountry "DEN"]

1. d4 d5 2. Bf4 Nf6 3. e3 c5 4. c4 Nbd7 5. Nf3 e6 6. Nbd2 Be7 7. Bd3 b6 8. O-O
Bb7 9. Ne5 O-O 10. h3 Rc8 11. Ndf3 cxd4 12. exd4 dxc4 13. Bxc4 Bxf3 14. gxf3
Nxe5 15. Ba6 Rc6 16. Bxe5 Bd6 17. Qa4 Rc7 18. Rac1 Nd5 19. Rxc7 Qxc7 20. Bxd6
Qxd6 21. Bb7 Nf4 22. Rc1 Ne2+ 23. Kg2 Nxc1 24. Qc4 Qf4 25. Ba6 g6 26. b4 Qd2
27. Bb7 Nd3 28. d5 Qxf2+ 29. Kh1 Ne1 30. Qg4 Nxf3 31. Qg2 Qe1+ 0-1

[Event "DM 2022 Kort Paaske 1 Grp2"]
[Site "Svendborg"]
[Date "2022.04.10"]
[Round "2"]
[White "Nielsen, Jan"]
[Black "Larsen, Rune"]
[Result "1/2-1/2"]
[WhiteElo "1568"]
[BlackElo "1200"]
[PlyCount "85"]
[EventDate "2022.04.09"]
[EventType "swiss"]
[EventRounds "5"]
[EventCountry "DEN"]

1. e4 d5 2. exd5 Qxd5 3. Nc3 Qd8 4. d4 Bf5 5. Nf3 e6 6. Be3 Bb4 7. Be2 Bxc3+ 8.
bxc3 h6 9. O-O Nf6 10. Ne5 Nbd7 11. Bd3 Nxe5 12. Bxf5 exf5 13. dxe5 Nd5 14. Bd4
O-O 15. Qf3 Qd7 16. Rad1 c6 17. c4 Ne7 18. Bc5 Qe6 19. Rfe1 Rfe8 20. Qc3 b6 21.
Rd6 Qc8 22. Be3 Ng6 23. f4 Qc7 24. c5 b5 25. g3 Rad8 26. Bc1 Ne7 27. Bb2 Nc8
28. Rxd8 Rxd8 29. Qe3 Re8 30. Rd1 Rd8 31. Rd3 Rxd3 32. cxd3 Qe7 33. Kf2 Qe6 34.
a3 Ne7 35. Qd4 Nd5 36. Bc1 Qg6 37. Qb2 Qh5 38. Ke1 Qf3 39. Qe2 Qxe2+ 40. Kxe2
Kf8 41. Bd2 Ke7 42. d4 Ke6 43. Kf3 1/2-1/2

[Event "DM 2022 Kort Paaske 1 Grp2"]
[Site "Svendborg"]
[Date "2022.04.10"]
[Round "2"]
[White "Lillevang, Sol Titus Tietgen"]
[Black "Knudsen, Tage"]
[Result "0-1"]
[WhiteElo "1200"]
[BlackElo "1561"]
[PlyCount "44"]
[EventDate "2022.04.09"]
[EventType "swiss"]
[EventRounds "5"]
[EventCountry "DEN"]

1. e4 e5 2. Nf3 Nc6 3. Nc3 Bc5 4. Bc4 Nf6 5. d3 h6 6. h3 d6 7. Nd5 Nxd5 8. Bxd5
Ne7 9. Bc4 Be6 10. Bxe6 fxe6 11. Bd2 O-O 12. b4 Bb6 13. a4 a6 14. a5 Ba7 15. c3
Ng6 16. g3 Qf6 17. Qb3 Qxf3 18. Qxe6+ Kh7 19. Rh2 Bxf2+ 20. Rxf2 Qxf2+ 21. Kd1
Qg1+ 22. Be1 Rf1 0-1

[Event "DM 2022 Kort Paaske 1 Grp2"]
[Site "Svendborg"]
[Date "2022.04.10"]
[Round "2"]
[White "Skov Nielsen, Kasper"]
[Black "Hagen, Frida Bjerregaard"]
[Result "0-1"]
[WhiteElo "1545"]
[BlackElo "1293"]
[PlyCount "90"]
[EventDate "2022.04.09"]
[EventType "swiss"]
[EventRounds "5"]
[EventCountry "DEN"]

1. e4 c5 2. Nc3 g6 3. d4 cxd4 4. Qxd4 Nf6 5. Be3 Nc6 6. Qd2 Bg7 7. f3 O-O 8.
Bc4 d6 9. Nge2 Bd7 10. a3 a6 11. Bh6 b5 12. Bxg7 Kxg7 13. Bb3 Rc8 14. O-O Qb6+
15. Kh1 Ne5 16. Nd5 Nxd5 17. Bxd5 Nc4 18. Bxc4 Rxc4 19. b3 Rc5 20. Rfd1 Qc7 21.
c3 a5 22. a4 Be6 23. Qb2 bxa4 24. Rxa4 Rb8 25. c4+ Kg8 26. Qc3 Qb6 27. Nd4 d5
28. Nxe6 fxe6 29. exd5 exd5 30. Rxd5 Rxd5 31. cxd5 Qxb3 32. Qxb3 Rxb3 33. Kg1
Rb5 34. Rd4 Rb4 35. Rd1 a4 36. Ra1 Kf7 37. Kf2 Kf6 38. Ra3 Ke5 39. Re3+ Kxd5
40. Rxe7 a3 41. Ra7 Rb2+ 42. Ke3 a2 43. g4 Kc4 44. Rc7+ Kb3 45. Rb7+ Kc2 0-1

[Event "DM 2022 Kort Paaske 1 Grp2"]
[Site "Svendborg"]
[Date "2022.04.10"]
[Round "2"]
[White "Christensen, Jonas"]
[Black "Bruntse, Caroline Lindegaard"]
[Result "0-1"]
[WhiteElo "1314"]
[BlackElo "1471"]
[PlyCount "50"]
[EventDate "2022.04.09"]
[EventType "swiss"]
[EventRounds "5"]
[EventCountry "DEN"]

1. d4 d5 2. Nf3 e6 3. g3 c5 4. Bg2 Nf6 5. O-O Be7 6. Nbd2 O-O 7. c4 Nc6 8. Nb3
cxd4 9. Nfxd4 Nxd4 10. Qxd4 b6 11. Bg5 Bb7 12. a4 Rc8 13. Rfc1 h6 14. Bd2 Ne4
15. Bxe4 Bf6 16. Bh7+ Kxh7 17. Qd3+ Kg8 18. Bc3 dxc4 19. Bxf6 Qxf6 20. Qd7 Bc6
21. Qxa7 cxb3 22. Qxb6 Bd5 23. f3 Qxb2 24. Rxc8 Qxa1+ 25. Kf2 Rxc8 0-1

[Event "DM 2022 Kort Paaske 1 Grp2"]
[Site "Svendborg"]
[Date "2022.04.10"]
[Round "2"]
[White "Paludan, Noah"]
[Black "Silcowitz, Magnus"]
[Result "1-0"]
[WhiteElo "1472"]
[BlackElo "1000"]
[PlyCount "87"]
[EventDate "2022.04.09"]
[EventType "swiss"]
[EventRounds "5"]
[EventCountry "DEN"]

1. e4 c6 2. d4 d5 3. Nc3 e6 4. Bd3 c5 5. exd5 exd5 6. Qe2+ Be6 7. Nf3 Nf6 8.
Bg5 Be7 9. dxc5 O-O 10. O-O-O Nc6 11. a3 a5 12. Be3 d4 13. Nxd4 Nxd4 14. Bxd4
Qxd4 15. Bxh7+ Nxh7 16. Rxd4 Bf6 17. Rd6 Rae8 18. Qb5 Ng5 19. h4 Bxc3 20. hxg5
Be5 21. Qd3 g6 22. Rxe6 Rxe6 23. Qh3 Rfe8 24. Kb1 Kf8 25. Qf3 b6 26. c6 Rc8 27.
Re1 Rce8 28. Qd5 Bc7 29. Rxe6 Rxe6 30. Qd7 Re7 31. Qd4 Re5 32. f4 Re8 33. Qh8+
Ke7 34. Qf6+ Kf8 35. g4 Re6 36. Qh8+ Ke7 37. f5 gxf5 38. gxf5 Rxc6 39. f6+ Kd7
40. Qf8 Bd6 41. Qxf7+ Kc8 42. g6 Rc7 43. Qe6+ Rd7 44. g7 1-0

[Event "DM 2022 Kort Paaske 1 Grp2"]
[Site "Svendborg"]
[Date "2022.04.10"]
[Round "3"]
[White "Bruntse, Kathrine Lindegaard"]
[Black "Nielsen, Ture Jungberg"]
[Result "0-1"]
[WhiteElo "1569"]
[BlackElo "1649"]
[PlyCount "80"]
[EventDate "2022.04.09"]
[EventType "swiss"]
[EventRounds "5"]
[EventCountry "DEN"]

1. d4 Nf6 2. c4 g6 3. Nc3 Bg7 4. e4 d6 5. Nf3 O-O 6. Be2 e5 7. Be3 Nc6 8. d5
Ne7 9. Nd2 Ne8 10. b4 f5 11. f3 f4 12. Bf2 g5 13. Qb3 h5 14. h3 Ng6 15. c5 Bf6
16. Nc4 Rf7 17. Rg1 g4 18. hxg4 hxg4 19. fxg4 Bh4 20. Nd1 Qg5 21. Bxh4 Qxh4+
22. Nf2 Rh7 23. Rh1 Qg5 24. Rxh7 Kxh7 25. Qh3+ Kg7 26. Qh5 Qe7 27. cxd6 Nxd6
28. a3 Bd7 29. Qh2 Rh8 30. Qg1 Qh4 31. Nxd6 cxd6 32. a4 Qg3 33. Bf3 Rc8 34. Kd2
Nh4 35. Ra3 Bxa4 36. Rd3 Rc2+ 37. Ke1 Rc1+ 38. Bd1 Rxd1+ 39. Rxd1 Qe3+ 40. Kf1
Bb5+ 0-1

[Event "DM 2022 Kort Paaske 1 Grp2"]
[Site "Svendborg"]
[Date "2022.04.10"]
[Round "3"]
[White "Hojland, Jeppe"]
[Black "Nielsen, Mads Emanuel"]
[Result "0-1"]
[WhiteElo "1612"]
[BlackElo "1610"]
[PlyCount "96"]
[EventDate "2022.04.09"]
[EventType "swiss"]
[EventRounds "5"]
[EventCountry "DEN"]

1. c4 e5 2. Nc3 Nc6 3. g3 Nf6 4. Bg2 Bb4 5. d3 O-O 6. Bd2 d6 7. Nf3 h6 8. O-O
Be6 9. a3 Bxc3 10. Bxc3 Qd7 11. b4 Bh3 12. b5 Ne7 13. Qc2 Bxg2 14. Kxg2 c5 15.
h3 Nh7 16. Nh2 Ng5 17. g4 Ng6 18. Bd2 f5 19. Bxg5 hxg5 20. e3 Nh4+ 21. Kh1 f4
22. e4 f3 23. Qd2 Rf4 24. a4 Qe6 25. Rg1 Qh6 26. Rg3 Rf6 27. Re1 Ng2 28. Nxf3
Nxe1 29. Nxe1 Raf8 30. f3 R6f7 31. Kh2 Qf6 32. Ng2 Qd8 33. Ne1 a6 34. Rg2 Qf6
35. Rf2 Qf4+ 36. Qxf4 gxf4 37. h4 axb5 38. axb5 Ra8 39. Kh3 b6 40. h5 Rfa7 41.
Kg2 Ra1 42. Kf1 Rc1 43. Rd2 Raa1 44. Re2 Rd1 45. Kf2 Rac1 46. g5 Kh7 47. Kf1
Rxd3 48. Kf2 Rdd1 0-1

[Event "DM 2022 Kort Paaske 1 Grp2"]
[Site "Svendborg"]
[Date "2022.04.10"]
[Round "3"]
[White "Haubro, Siv"]
[Black "Hagen, Frida Bjerregaard"]
[Result "1-0"]
[WhiteElo "1749"]
[BlackElo "1293"]
[PlyCount "69"]
[EventDate "2022.04.09"]
[EventType "swiss"]
[EventRounds "5"]
[EventCountry "DEN"]

1. e4 c5 2. Nf3 g6 3. Bc4 Bg7 4. O-O Nc6 5. c3 e6 6. Re1 Nge7 7. Bb5 O-O 8. h3
d5 9. d3 a6 10. Ba4 b5 11. Bc2 Ne5 12. Nxe5 Bxe5 13. exd5 Qxd5 14. d4 cxd4 15.
Be4 Qd6 16. Bxa8 Bg7 17. cxd4 Qxd4 18. Qxd4 Bxd4 19. Nc3 Bd7 20. Bb7 a5 21. Rd1
Bxc3 22. bxc3 Bc8 23. Ba3 Bxb7 24. Bxe7 Re8 25. Rd7 Bc6 26. Rc7 Be4 27. a4 bxa4
28. Rxa4 Bc2 29. Rxa5 Kg7 30. Raa7 Kh6 31. h4 Rb8 32. Bg5+ Kh5 33. f3 Rh8 34.
Rxf7 e5 35. g4# 1-0

[Event "DM 2022 Kort Paaske 1 Grp2"]
[Site "Svendborg"]
[Date "2022.04.10"]
[Round "3"]
[White "Knudsen, Tage"]
[Black "Christensen, Thorbjorn Erik K"]
[Result "0-1"]
[WhiteElo "1561"]
[BlackElo "1000"]
[PlyCount "66"]
[EventDate "2022.04.09"]
[EventType "swiss"]
[EventRounds "5"]
[EventCountry "DEN"]

1. d4 d5 2. c4 c6 3. e3 Bf5 4. Nc3 e6 5. cxd5 cxd5 6. Nf3 Nf6 7. Bb5+ Nc6 8.
Ne5 Rc8 9. Qa4 Qb6 10. Qb3 Bd6 11. Bxc6+ bxc6 12. Qxb6 axb6 13. Nf3 Ne4 14. h3
Nxc3 15. bxc3 h5 16. O-O c5 17. Bb2 c4 18. Nd2 b5 19. Rfe1 b4 20. e4 Bf4 21.
exf5 Bxd2 22. Re2 Bxc3 23. Bxc3 bxc3 24. fxe6 O-O 25. exf7+ Rxf7 26. Re5 Rb8
27. Rc1 Rb2 28. Rxc3 Rfxf2 29. a4 Rxg2+ 30. Kf1 Rbf2+ 31. Ke1 Ra2 32. Kf1 Rh2
33. Kg1 Rhd2 0-1

[Event "DM 2022 Kort Paaske 1 Grp2"]
[Site "Svendborg"]
[Date "2022.04.10"]
[Round "3"]
[White "Bruntse, Caroline Lindegaard"]
[Black "Hansen, Patrick Noumedem"]
[Result "0-1"]
[WhiteElo "1471"]
[BlackElo "1126"]
[PlyCount "112"]
[EventDate "2022.04.09"]
[EventType "swiss"]
[EventRounds "5"]
[EventCountry "DEN"]

1. d4 c6 2. c4 d5 3. cxd5 cxd5 4. Nc3 Nf6 5. Bg5 Nbd7 6. e3 e6 7. Bd3 Be7 8.
Nf3 Qc7 9. O-O O-O 10. Rc1 Qd8 11. h3 b6 12. a3 Bb7 13. b4 Ne4 14. Bxe7 Qxe7
15. Nd2 Ndf6 16. Ndxe4 Nxe4 17. Qc2 Rac8 18. Qb2 Rxc3 19. Rxc3 Nxc3 20. Qxc3
Rc8 21. Qb2 Qc7 22. Ra1 a6 23. Ra2 Qc1+ 24. Qxc1 Rxc1+ 25. Kh2 Rc3 26. Bb1 Kf8
27. Rc2 Rxa3 28. Rc7 Rb3 29. Bc2 Rxb4 30. Rxb7 h6 31. Kg3 Rb2 32. Bd3 a5 33.
Rc7 a4 34. Rc1 Ke7 35. Kf3 b5 36. Rc7+ Kf6 37. Rc1 a3 38. Ra1 b4 39. Be2 Ke7
40. Bd3 Kd6 41. e4 Kc6 42. exd5+ exd5 43. Rc1+ Kb6 44. Rc5 a2 45. Rb5+ Kc6 46.
Rc5+ Kd6 47. Rc1 b3 48. Ke3 Ke6 49. Rc6+ Ke7 50. Rc7+ Kf6 51. Rc6+ Kg5 52. Rc1
Rxf2 53. Ra1 Rxg2 54. Kf3 Rd2 55. Ke3 Rxd3+ 56. Kxd3 b2 0-1

[Event "DM 2022 Kort Paaske 1 Grp2"]
[Site "Svendborg"]
[Date "2022.04.10"]
[Round "3"]
[White "Andersen, Malte Gravlund"]
[Black "Paludan, Noah"]
[Result "0-1"]
[WhiteElo "1350"]
[BlackElo "1472"]
[PlyCount "94"]
[EventDate "2022.04.09"]
[EventType "swiss"]
[EventRounds "5"]
[EventCountry "DEN"]

1. e4 c5 2. Nf3 d6 3. d4 cxd4 4. Nxd4 Nf6 5. Nc3 a6 6. Be2 e5 7. Nf3 Be7 8. O-O
Nbd7 9. Bg5 b5 10. a3 Bb7 11. Bd3 h6 12. Be3 Nc5 13. Bxc5 dxc5 14. b3 Qc7 15.
Nd2 Rd8 16. a4 b4 17. Ne2 Nxe4 18. Nc4 Nf6 19. f3 O-O 20. Ng3 Nd5 21. Qe2 Rfe8
22. Qxe5 Qxe5 23. Nxe5 Bf6 24. f4 Nxf4 25. Rxf4 Bxe5 26. Raf1 Bxf4 27. Rxf4
Re1+ 28. Kf2 Rd1 29. Ne4 Bxe4 30. Rxe4 R1xd3 31. cxd3 Rxd3 32. Re3 Rd2+ 33. Kf3
Kf8 34. Re5 Rc2 35. Ke4 c4 36. bxc4 Rxc4+ 37. Kd3 Rc3+ 38. Kd2 Ra3 39. Ra5 Ra2+
40. Kd3 Rxg2 41. Rxa6 Ke8 42. a5 Kd8 43. Ra8+ Kc7 44. Ra7+ Kb8 45. Rxf7 b3 46.
Rf1 b2 47. Rb1 Rxh2 0-1